000 00634nam a22001817a 4500
005 20260519132608.0
008 260519b |||||||| |||| 00| 0 eng d
020 _a 978-0-357-04543-5
082 _a519.5
_bAND-E
100 _aAnderson, David R.
_aDennis J. Sweeney
_aThomas A. Williams
_aJeffrey D. Camm
_aJames J. Cochran
_aMichael J. Fry
_aJeffrey W. Ohlmann
245 _aEssentials of Statistics for Business and Economics
250 _a9th Ed
260 _aUSA
_bCengage 20 Channel Center Street Boston, MA 02210
_c2020
300 _a882 p.
500 _aIncludes Index.
650 _aStatistical Mathematics
942 _cBK
999 _c47614
_d47614